| 000 | 004230000a22001690004500 | ||
|---|---|---|---|
| 003 | MACL | ||
| 005 | 20260411145106.0 | ||
| 008 | 260411b |||||||| |||| 00| 0 eng d | ||
| 040 | _cMACL | ||
| 082 | _a954/CHA | ||
| 100 |
_aChandra, Bipan _9594 |
||
| 245 | _aIndia's Struggle for Independence 1857-1947 | ||
| 260 |
_bPenguin books _c1989 _aNew delhi |
||
| 350 | _a250 | ||
| 650 |
_a Indian History _984029 |
||
| 942 |
_cBK _2ddc |
||
| 999 |
_c6313 _d6313 |
||